| 000 | 00385nam a22001577a 4500 | ||
|---|---|---|---|
| 003 | CEME | ||
| 005 | 20210628204044.0 | ||
| 008 | 210105b xxu||||| |||| 00| 0 eng d | ||
| 040 | _c. | ||
| 082 | _a613.2 SAF | ||
| 100 |
_aProf Hakeem Mirza Safdar Baig _968485 |
||
| 245 | _aPhaloon aur sabzion say ilaj | ||
| 260 |
_aJEHLUM _bBOOK CORNER _c2011 |
||
| 300 | _a150P | ||
| 942 |
_cBK _2ddc |
||
| 999 |
_c576051 _d576051 |
||